名前に「京」がつく駅 - Statistics

General Stats
  • This quiz has been taken 178 times
  • The average score is 43 of 74
Answer Stats
Hint Answer % Correct
東海道新幹線東北新幹線 他 東京
100%
東海道新幹線東海道本線 他 京都
99%
大阪環状線京阪本線 他 京橋
93%
東京メトロ銀座線 京橋
93%
京成本線京成東成田線 京成成田
85%
京急本線京急空港線 京急蒲田
85%
京急本線京急大師線 京急川崎
85%
京成本線京成金町線 北総鉄道北総線 京成高砂
83%
京成千葉線 京成千葉
83%
京急久里浜線 京急久里浜
82%
京成本線 京成上野
81%
京成本線京成千葉線 京成松戸線 京成津田沼
81%
京成本線 京成船橋
80%
京王線 京王八王子
79%
京王相模原線 京王多摩センター
78%
阪急京都本線 京都河原町
77%
京成金町線 京成金町
76%
京急本線 京急鶴見
73%
京急本線 京急東神奈川
73%
りんかい線 東京テレポート
73%
東海道本線 長岡京
70%
京成本線 京成佐倉
70%
京王相模原線 京王永山
70%
湖西線 大津京
69%
京成本線 京成西船
66%
京急本線 京急新子安
66%
京成千葉線 京成幕張
64%
京王相模原線 京王稲田堤
64%
山陰本線 梅小路京都西
62%
桜井線 京終
60%
京成本線 京成八幡
59%
京成千葉線 京成幕張本郷
59%
京成千葉線 京成稲毛
58%
京成押上線 京成立石
57%
京成本線 京成小岩
56%
片町線 京田辺
55%
京成本線 京成中山
55%
京成本線 京成酒々井
55%
京王高尾線 京王片倉
55%
京成押上線 京成曳舟
54%
京急本線 京急田浦
54%
京阪京津線 京阪山科
54%
京成本線 京成関屋
53%
京王相模原線 京王よみうりランド
53%
京王相模原線 京王堀之内
53%
京阪石山坂本線 京阪石山
53%
京成本線 京成大久保
50%
京王相模原線 京王多摩川
50%
ディズニーリゾートライン 東京ディズニーシー・ステーション
50%
京成本線 京成臼井
49%
京成本線 京成大和田
48%
京急本線 京急富岡
48%
京都市営地下鉄東西線 京都市役所前
48%
近鉄橿原線 西ノ京
47%
京阪石山坂本線 京阪膳所
47%
ディズニーリゾートライン 東京ディズニーランド・ステーション
47%
ゆりかもめ 東京ビッグサイト
47%
京阪石山坂本線 京阪大津京
46%
京急本線 京急大津
43%
京急久里浜線 京急長沢
42%
阪急京都本線 西京極
39%
ゆりかもめ 東京国際クルーズターミナル
39%
名鉄名古屋本線 中京競馬場前
34%
京都市営地下鉄東西線 三条京阪
34%
播但線 京口
32%
京都丹後鉄道宮豊線 京丹後大宮
32%
多摩モノレール 大塚・帝京大学
31%
羽越本線 京ヶ瀬
29%
叡山電鉄鞍馬線 京都精華大前
29%
吉都線 京町温泉
26%
名鉄名古屋本線 左京山
26%
伊豆箱根鉄道駿豆線 田京
25%
近江鉄道本線 京セラ前
25%
叡山電鉄叡山本線 茶山・京都芸術大学
24%
No matching quizzes found
Score Distribution
Percent of People with Each Score
Percentile by Number Answered
Your Score History
You have not taken this quiz